00484 2200181 4500245006300000020002200063250001100085100002200096700001800118700002300136650002000159005001900179260004100198041001400239084000800253300003200261336000900293 aPerbedaan Sebagai Kekayaan BangsacMutiara LarusatyahText a978-602-9048-45-2 aCet. 1 aMutiara Larusatya aEko Praptanto aVinda Swasthipadma aKekayaan Bangsa a20230216131116 aJakartabBina Sumber Daya Mipac2010 aIndonesia a306 aiv, 56 hlm. :cilus. 25 cm. atext